000
00271nam a2200109Ia 4500
001
1276054
005
20260417160440.0
008
260417s9999 xx 000 0 und d
020
_a
9786256999541
245
0
_a
Kuşların Dili
_c
Cahit Zarifoğlu
260
_b
Ketebe Çocuk
999
_c
1276054
_d
1276054